LDR 00725naa#a2200181#i#450# 001 EN\\bibl\105503 005 20260602140732.2 011 ## _a0536-101X 100 ## _a20250630b2025####ek#y0engy0150####ca 102 ## _aRU 200 1# _aCartographic techniques for implementing functions social mapping _eJournal article 210 1# _aMoscow _cMIIGAiK _d2025 215 ## _a12 с. 608 ## _aJournal article _2local 675 ## _aСоциальные процессы. Социальная динамика. 316.4 _aКартография (текстовые материалы). 528.9 _z 686 ## _aОбщие вопросы геодезии и картографии. 36.01 _2grnti 700 #1 _aRadchenko _gLyudmila K. 856 4# _amiigaik.editorum.ru _u